00573nam a2200217 a 4500001001300000003000900013005001700022008004100039020002200080082001900102100002300121245004200144260002500186300000900211500003500220505001500255650001800270650002300288650002100311700002300332nice12345678IN_TiNIC20260116013306.0050524s1993 dela grp 000 0 eng  a8172149 c7000a305.80954bVEL aVelacherry, Joseph aSocial Impact of Mass Media in Kerala aDelhi bISPCK c1993 a260p aincludes index and biblioraphy2 aNew Editon aSociety-India aKerala-Communities aMass Media-India1 aVelacherry, Joseph